000 00298nam a22001337a 4500
008 170530b xxu||||| |||| 00| 0 eng d
020 _at 3219
041 _aeng
080 _a94(7/8)
100 _a17
101 _aSHH
245 _aCONTEMPORARY ART IN LATING AMERICA
_cCHASE,G
942 _2udc
_cBK
999 _c15091
_d15091